1997 1757 1562 1189 1783 1152 1554 1890 1953 1976 1747 1974 1417 1535 1040 1478 1223 1310 1362 1775 1831 1359 1193 1054 1237 1393 1892 1209 1473 1897 1382 1551 1610 1390 1361 1117 1091 1576 1726 1431 1661 1948 1191 1861 1901 1177 1132 1889 1590 1715 1443 1142 1309 1819 1350 1999 1074 1563 1102 1930 1181 1286 1836 1056 1452 1376 1604 1430 1237 1949 1499 1598 1892 1839 1584 1997 1876 1079 1456 1136 1908 1804 1030 1426 1482 1856 1320 1554 1614 1205 1161 1963 1484 1750 1177 1849 1399 1598 1887 BCNSPRNW ULIB Ver.6.0+V

เปลี่ยนเป็นภาษาไทย

Change to English
 แสดงรายละเอียดบรรณานุกรม
  กลับหน้าหลัก

Brief Record : Get Marc (ISO 2709) : E-mail record : QR code < ปิดหน้าต่าง
LEADER : 00000nam 2200000uu 4500
001    13399108400
003     ULIB
008    110302s2550||||th 000 0 tha d
060  4 WY159^bย412ก 2550
100 0  ยุพา ทิพย์อลงกต
245 00 การพยาบาลเด็กโรคมะเร็ง/^cยุพา ทิพย์อลงกต
260    นครสวรรค์:^bวิทยาลัยพยาบาล สวรรค์ประชารักษ์ นครสวรรค์,^c2550
300    54 หน้า
650  7 มะเร็ง^xเด็ก
945    ^p0^l0^i021876
995    ทศพร
999 ^a ใช้งานได้ทุกระบบ
รายการนี้ยังไม่มีแท็ก
คุณยังไม่ได้ล็อกอิน คุณสามารถมีกิจกรรมร่วมกับเว็บไซต์ได้ แต่ต้องล็อกอินก่อน ::
  ล็อกอิน

รายการสื่อสารสนเทศ

ลำดับที่ ประเภท เลขเรียก/บาร์โค้ด สถานที่ สถานะ
- ไม่พบข้อมูล -

รายการใกล้เคียง
    ผู้แต่ง [ยุพา ทิพย์อลงกต]

BibComment


ยังไม่เคยถูกคอมเมนท์

คอมเมนท์ทรัพยากรรายการนี้
  คอมเมนท์: การพยาบาลเด็กโรคม..


 Copyright 2026. Bcnsprnw @Library